| Tag |
First Indicator |
Second Indicator |
Subfields |
| LEADER |
00000cam a2200000 a 4500 |
| 001 |
in00000070621 |
| 005 |
20151008061832.0 |
| 008 |
730227s1972 enka b 00010 engm |
| 010 |
|
|
|a 73154206
|
| 015 |
|
|
|a B***
|
| 020 |
|
|
|a 0412115506
|
| 035 |
|
|
|a (OCoLC)00590373
|
| 035 |
|
|
|9 AAJ8932AM
|
| 040 |
|
|
|a DLC
|c DLC
|d m.c.
|d TXA
|d UtOrBLW
|
| 049 |
|
|
|a TXAM
|c [1195591]
|
| 050 |
0 |
0 |
|a TA332
|b .H55
|
| 082 |
0 |
|
|a 620/.0021/2
|
| 090 |
|
|
|a TA332
|b .H55 1977
|
| 100 |
1 |
|
|a Howatson, A. M.
|
| 245 |
1 |
0 |
|a Engineering tables and data /
|c A.M. Howatson, P.G. Lund, J.D. Todd.
|
| 264 |
|
1 |
|a London :
|b Chapman and Hall,
|c 1972 (1977 printing)
|
| 300 |
|
|
|a viii, 167 pages :
|b illustrations ;
|c 30 cm.
|
| 336 |
|
|
|a text
|b txt
|2 rdacontent
|
| 337 |
|
|
|a unmediated
|b n
|2 rdamedia
|
| 338 |
|
|
|a volume
|b nc
|2 rdacarrier
|
| 504 |
|
|
|a Bibliography: page [168].
|
| 650 |
|
0 |
|a Engineering
|v Tables.
|
| 700 |
1 |
|
|a Lund, P. G.
|q (Peter Gradwell)
|
| 700 |
1 |
|
|a Todd, J. D.
|q (Joseph Derwent)
|
| 999 |
|
|
|a MARS
|
| 999 |
f |
f |
|s 7a760ea1-b44e-3fbc-917b-3f720c44c528
|i 9063c79a-8992-3638-93de-a604c15c98af
|t 0
|
| 952 |
f |
f |
|p ric
|a Texas A&M University
|b Rellis Campus
|c Joint Library Facility
|d Remote Storage
|t 0
|e TA332 .H55 1977
|h Library of Congress classification
|i unmediated -- volume
|m A14806241431
|
| 998 |
f |
f |
|a TA332 .H55 1977
|t 0
|l Remote Storage
|